مكتبة جامعة عجلون الوطنية

فهرس بحث المكتبة

Marketing Strategy : (Record no. 33484)

MARC details
000 -LEADER
fixed length control field 00637nam a22002057a 4500
003 - CONTROL NUMBER IDENTIFIER
control field JO-AjAnu
005 - DATE AND TIME OF LATEST TRANSACTION
control field 20240501110552.0
008 - FIXED-LENGTH DATA ELEMENTS--GENERAL INFORMATION
fixed length control field 240501b jo ||||| |||| 00| 0 ara d
020 ## - INTERNATIONAL STANDARD BOOK NUMBER
International Standard Book Number 9781939099785
040 ## - CATALOGING SOURCE
Original cataloging agency JO-AjAnu
Language of cataloging eng
Transcribing agency JO-AjAnu
Modifying agency JO-AjAnu
Description conventions rda
041 #0 - LANGUAGE CODE
Language code of text/sound track or separate title eng
Language code of original eng
050 ## - LIBRARY OF CONGRESS CALL NUMBER
Classification number HF5415.13
Item number 2019
100 #1 - MAIN ENTRY--PERSONAL NAME
Personal name Estelami,Hooman
Relator term author
9 (RLIN) 65400
245 ## - TITLE STATEMENT
Title Marketing Strategy :
Remainder of title scientific methods tools and techniques for achieving strategic marketing success /
Statement of responsibility, etc. Hooman Estelami
250 ## - EDITION STATEMENT
Edition statement first published
260 ## - PUBLICATION, DISTRIBUTION, ETC.
Date of publication, distribution, etc. 2019
300 ## - PHYSICAL DESCRIPTION
Extent 257 pege
650 #0 - SUBJECT ADDED ENTRY--TOPICAL TERM
Topical term or geographic name entry element marketing
9 (RLIN) 65401
Form subdivision marketing
942 ## - ADDED ENTRY ELEMENTS (KOHA)
Source of classification or shelving scheme Library of Congress Classification
Koha item type Books
Suppress in OPAC No
Holdings
Withdrawn status Lost status Source of classification or shelving scheme Damaged status Not for loan Home library Current library Date acquired Total Checkouts Full call number Barcode Date last seen Price effective from Koha item type
    Library of Congress Classification     مكتبة جامعة عجلون الوطنية مكتبة جامعة عجلون الوطنية 01/05/2024   HF5415.13 2019 e3691 01/05/2024 01/05/2024 Books
    Library of Congress Classification     مكتبة جامعة عجلون الوطنية مكتبة جامعة عجلون الوطنية 01/05/2024   HF5415.13 2019 e3692 01/05/2024 01/05/2024 Books